000 00802nam a22002177a 4500
999 _c63886
_d63886
005 20240530110704.0
008 171225s2004 ua a g b 000 0dara d
017 _a2004/21914
_bمصر. دار الكتب
020 _a9770194271
040 _aEG-CaGPL
_cEG-CaGPL
082 0 4 _221
_a398.9\
_bس ق
100 0 _aسعد محمد القاضى
245 1 0 _aقاموس الامثال الشعبية العربية والافريقية /
_cالمؤلف سعد محمد القاضى .
250 _aط.1
260 _aالقاهرة :
_bالهيئة المصرية العامة للكتاب ،
_c2005 .
300 _a388 ص. ؛
_c24 سم.
650 0 7 _2qrmak
_aالامثال الشعبية
_vقواميس
651 _2qrmak
942 _2ddc
_cBK